000 00471nam a2200205Ia 4500
008 210210b1903 xxu||||| |||| 00| 0 eng d
041 _aeng
082 _a821/676
100 _aTENNYSON (A)
245 _aSelect poems: George and Hadow Ed
260 _aLondon
_bMacmillan & Co. Ltd.
_c1903
650 _aSelect
650 _apoems:
650 _aHadow
650 _aGeorge
650 _aEd
650 _aand
690 _aEnglish Literature
906 _a011844
999 _c130562
_d130562